00255nam a22000737a 4500008004100000040005500041245004000096260004500136230328b |||||||| |||| 00| 0 eng d aNational Science LibrarycNational Science Library aNagpur Agriculture College Magazine aNagpur: bCollege of Agriculture, c1962